Leaders of Belarus by Picture - Statistics

General Stats
  • This quiz has been taken 18 times
  • The average score is 9 of 26
Answer Stats
Picture Hint Answer % Correct
1994-Present Alexander Lukashenko
100%
1991-1994 Stanislav Shushkevich
44%
1918 Jan Sierada
38%
1994 Myechyslaw Hryb
38%
1932-1937 Nikolai Gikalo
38%
1938-1947 Panteleimon Ponomarenko
38%
1965-1980 Pyotr Masherov
38%
1920-1922 | 1927-1928 Vilhelm Knorin
38%
1919 Zmicier Zhylunovich
38%
1924 Aleksandr Osatkin-Vladimirsky
31%
1937-1938 Aleksei Volkov
31%
1924-1925 Alexander Krinitsky
31%
1919 Alexander Miasnikian
31%
1919-1920 Kazimierz Cichowski
31%
1956-1965 Kirill Mazurov
31%
1930-1932 Konstantin Gey
31%
1950-1956 Nikolai Patolichev
31%
1925-1927 Nikolay Goloded
31%
1919-1920 Pyotra Krecheuski
31%
1980-1983 Tikhon Kiselyov
31%
1937 Vasily Sharangovich
31%
1922-1924 Waclaw Bogucki
31%
1937 Yakov Yakovlev
31%
1928-1930 Yan Gamarnik
31%
1987-1990 Yefrem Sokolov
31%
1983-1987 Mikalay Slyonkow
19%
No matching quizzes found
Score Distribution
Percent of People with Each Score
Percentile by Number Answered
Your Score History
You have not taken this quiz